| 000 | 00611nam a22001817a 4500 | ||
|---|---|---|---|
| 003 | BD-DhUL | ||
| 005 | 20180529101027.0 | ||
| 008 | 180529s1931 ii ||||| |||| 00| 0 ben d | ||
| 040 |
_aBD-DhUL _cBD-DhUL |
||
| 082 |
_a891.443 _bDIB |
||
| 100 | 1 | _aশর্ম্মা, দিবাকর | |
| 245 | 0 | 0 |
_aবাস্তবিকা / _cদিবাকর শর্ম্মা |
| 260 |
_aকলিকাতা : _bরঞ্জন, _c১৯৩১। |
||
| 300 |
_a১০৭ পৃ. ; _c১৯ সেমি. |
||
| 650 | 4 | _aবাংলা উপন্যাস | |
| 650 | 4 | _aBengali fiction | |
| 942 |
_2ddc _cBK |
||
| 999 |
_c241685 _d241685 |
||